The epistles to the Corinthians: (Record no. 436)

000 -LEADER
fixed length control field 00715nam a2200205 a 4500
001 - CONTROL NUMBER
control field :::00013590$&:&@@
003 - CONTROL NUMBER IDENTIFIER
control field OkBaRHE
005 - DATE AND TIME OF LATEST TRANSACTION
control field 20100324120740.0
008 - FIXED-LENGTH DATA ELEMENTS--GENERAL INFORMATION
fixed length control field s1960 j 000 0 eng u
040 ## - CATALOGING SOURCE
Transcribing agency
100 1# - MAIN ENTRY--PERSONAL NAME
Personal name Hobbs, Herschel H.
245 14 - TITLE STATEMENT
Title The epistles to the Corinthians:
Remainder of title a study manual.
260 ## - PUBLICATION, DISTRIBUTION, ETC. (IMPRINT)
Place of publication, distribution, etc Grand Rapids, MI., :
Name of publisher, distributor, etc Baker Book House
Date of publication, distribution, etc 1960
300 ## - PHYSICAL DESCRIPTION
Extent 127 p. ;
Dimensions 21 cm.
490 0# - SERIES STATEMENT
Series statement Shield Bible study series.
650 ## - SUBJECT ADDED ENTRY--TOPICAL TERM
Topical term or geographic name as entry element Bible New Testament I Corinthians
General subdivision Commentaries
650 ## - SUBJECT ADDED ENTRY--TOPICAL TERM
Topical term or geographic name as entry element Bible New Testament II Corinthians
General subdivision Commentaries
942 ## - ADDED ENTRY ELEMENTS (KOHA)
Source of classification or shelving scheme
Koha item type Books
Copies
Not for loan Lost status Withdrawn status Date last seen Copy number Barcode Source of classification or shelving scheme Full call number Collection code Permanent Location Damaged status Koha item type Date acquired Price effective from Shelving location
   2018-04-03113590 BS 2675.3 .H6 1960ReferenceRHEMA Bible Training College Books2010-04-142010-04-14General Stacks